| 000 | 01545cam a2200409 a 4500 | ||
|---|---|---|---|
| 001 | 14034824 | ||
| 003 | NUST | ||
| 005 | 20210823144842.0 | ||
| 008 | 050713r20062002nyu 000 1 eng | ||
| 010 | _a 2005051780 | ||
| 020 | _a0743490266 | ||
| 020 | _a9780743490269 | ||
| 035 | _a(OCoLC)ocm61123196 | ||
| 038 | _aArshad | ||
| 040 |
_aDLC _cDLC _dIG# _dBAKER _dVPL _dIK2 _dVP@ _dBTCTA _dDLC |
||
| 043 | _ae-ie--- | ||
| 050 | 0 | 0 |
_aPR6061.E484 _bJ87 2006 |
| 082 | 0 | 0 |
_a823.92 _bKEL |
| 100 | 1 |
_aKelly, Cathy. _910881 |
|
| 245 | 1 | 0 |
_aJust between us / _cCathy Kelly. |
| 250 | _a1st Downtown Press trade pbk. ed. | ||
| 260 |
_aNew York : _bDowntown Press, _c2006. |
||
| 300 |
_aix, 530 p. ; _c21 cm. |
||
| 500 | _aOriginally published: London : HarperCollins, 2002. | ||
| 563 | _aHBK | ||
| 650 | 0 |
_aSisters _vFiction. _97293 |
|
| 650 | 0 |
_aWomen _zIreland _vFiction. _98061 |
|
| 651 | 0 |
_aIreland _vFiction. _910884 |
|
| 655 | 0 |
_aDomestic fiction. _94525 |
|
| 655 | 7 |
_aDomestic fiction. _2lcsh _94525 |
|
| 856 | 4 | 2 |
_3Publisher description _uhttp://www.loc.gov/catdir/enhancements/fy0631/2005051780-d.html |
| 856 | 4 | 1 |
_3Sample text _uhttp://www.loc.gov/catdir/enhancements/fy0641/2005051780-s.html |
| 856 | 4 | 2 |
_3Contributor biographical information _uhttp://www.loc.gov/catdir/enhancements/fy1005/2005051780-b.html |
| 906 |
_a7 _bcbc _corignew _d1 _eocip _f20 _gy-gencatlg |
||
| 942 |
_2ddc _cBK |
||
| 999 |
_c586194 _d586194 |
||